000
00347nam a2200133 a 4500
005
20140414132111.0
008
110513s19uu xx 00 eng d
050
_a
TR
_b
L62 1993
100
_a
Armitage, Ronda
245
_a
Lighthouse keeper's picnic.
260
_a
New York :
_b
Scholastic ,
_c
1993.
700
_a
Armitage, David
999
_c
114745
_d
114745